MARC details
| 000 -CABECERA |
| campo de control de longitud fija |
01532nam a2200229 a 4500 |
| 003 - IDENTIFICADOR DEL NÚMERO DE CONTROL |
| campo de control |
DO-SdBNP |
| 005 - FECHA Y HORA DE LA ÚLTIMA TRANSACCIÓN |
| campo de control |
20220701121302.0 |
| 007 - CAMPO FIJO DE DESCRIPCIÓN FÍSICA--INFORMACIÓN GENERAL |
| campo de control de longitud fija |
ta |
| 008 - DATOS DE LONGITUD FIJA--INFORMACIÓN GENERAL |
| campo de control de longitud fija |
220623e2004 dr ||||frlg|| 001 0 spa d |
| 040 ## - FUENTE DE LA CATALOGACIÓN |
| Centro catalogador/agencia de origen |
DO-SdBNP |
| Lengua de catalogación |
spa |
| Centro/agencia transcriptor |
BNPHU |
| 082 #4 - NÚMERO DE LA CLASIFICACIÓN DECIMAL DEWEY |
| Número de edición |
22 |
| Número de documento/Ítem |
S562i |
| 245 10 - MENCIÓN DE TÍTULO |
| Título |
Sistema de implementación del nuevo proceso penal creado por la Ley No. 76-02 |
| 246 10 - FORMA VARIANTE DE TÍTULO |
| Título propio/Titulo breve |
Ley No. 76-02 |
| 260 ## - PUBLICACIÓN, DISTRIBUCIÓN, ETC. |
| Lugar de publicación, distribución, etc. |
Santo Domoimgo : |
| Nombre del editor, distribuidor, etc. |
Filantropía, |
| Fecha de publicación, distribución, etc. |
2004 |
| 300 ## - DESCRIPCIÓN FÍSICA |
| Extensión |
81 p. ; |
| Dimensiones |
20 cm. |
| 505 0# - NOTA DE CONTENIDO CON FORMATO |
| Título |
Ley No. 278-04, Implementación del Proceso Penal.-- |
| -- |
Decreto No, 420-02, Creación de la comisión Nacional de Ejecución de la -reforma Procesal Penal (CONAE).-- |
| -- |
Resolución No. 1920-2003, Medidas Anticipadas para la Aplicación del nuevo Código Procesal Penal.-- |
| -- |
Resolución No. 1919-2003, Resolución de Garantía en caso de Ordenar una Suspensión de Ejecución de Sentencia.-- |
| -- |
Resolución No. 512-2002, Sistema de Defensa Penal.-- |
| -- |
Resolución No. 1362-2003, Competencia de Atribución del Juzgado de Primera Instancia de la Provincia Santo Domingo. |
| -- |
Resolución No. 713-2002, que autoriza a los Jueces de Instrucción el Distrito Nacional, secretarios y/o auxiliares a trasladarse a Najayo y la Victoria.-- |
| -- |
Resolución No. 14786-2003, de la Procuraduría General de la República.-- |
| 590 ## - NOTA LOCAL (RLIN) |
| Nota local |
Inventariado 2022 / MF |
| 650 #4 - PUNTO DE ACCESO ADICIONAL DE MATERIA--TÉRMINO DE MATERIA |
| 9 (RLIN) |
79530 |
| Término de materia o nombre geográfico como elemento de entrada |
República Dominicanos |
| Subdivisión general |
Ley 76-02 que crea el Sistema de Implementación del Nuevo Proceso Penal |
| 651 #4 - PUNTO DE ACCESO ADICIONAL DE MATERIA--NOMBRE GEOGRÁFICO |
| 9 (RLIN) |
64426 |
| Nombre geográfico |
República Dominicana |
| Subdivisión general |
Ley No. 76-02 |
| 910 ## - DATOS DE OPCIÓN DEL USUARIO (OCLC) |
| Datos de opción del usuario |
MFeliz |
| 942 ## - ELEMENTOS DE PUNTO DE ACCESO ADICIONAL (KOHA) |
| Fuente del sistema de clasificación o colocación |
Dewey Decimal Classification |
| Tipo de ítem Koha |
Libro |